| 000 | 01063nam a2200265 i 4500 | ||
|---|---|---|---|
| 001 | bg | ||
| 100 | 1 | _aGÓRSKA, Ewa | |
| 245 | 1 | 0 |
_aModelowanie środowiska pracy w przedsiębiorstwie / _cEwa Górska. |
| 260 |
_aWarszawa : _bOficyna Wydawnicza PW, _c2004. |
||
| 300 |
_a160, [23] s., [1] k. tabl. złoż. : _bwykr. ; _c24 cm. |
||
| 490 | 1 |
_aPrace Naukowe. Organizacja i Zarządzanie Przemysłem / Politechnika Warszawska, _x0860-2506 ; _vz. 17 |
|
| 500 | _aOpis. wg okł. W nagł. odmienny tyt. serii: Prace Naukowe Politechniki Warszawskiej. - Streszcz. ang. | ||
| 500 | _aPrace Naukowe Politechniki Warszawskiej. | ||
| 504 | _aBibliogr. | ||
| 650 | 9 |
_aPrzedsiębiorstwo _xorganizacja |
|
| 650 | 9 |
_aZarządzanie _xmetody |
|
| 650 | 9 |
_aErgonomia _xzagadnienia |
|
| 650 | 9 |
_aModele matematyczne _xstosowanie |
|
| 830 | 0 |
_aPrace Naukowe. Organizacja i Zarządzanie Przemysłem (Politechnika Warszawska) ; _vz. 17 |
|
| 040 | _cBPK | ||
| 041 | 0 |
_apol _beng |
|
| 080 | _a658.1/.5.012.4:331.101.1 | ||
| 942 | _cKS | ||
| 008 | s pl f |000 0 pol | ||
| 999 |
_c44966 _d44966 |
||
| 856 |
_uhttp://koha.tu.koszalin.pl/cgi-bin/koha/opac-detail.pl?biblionumber=44966 _yKatalog online BPK |
||